Online
Catalog

A propósito de Freddy Gatón Arce / (Record no. 9915)

MARC details
000 -CABECERA
campo de control de longitud fija 00771nam a2200217 a 4500
001 - NÚMERO DE CONTROL
campo de control 000010156
005 - FECHA Y HORA DE LA ÚLTIMA TRANSACCIÓN
campo de control 20250129121827.0
008 - DATOS DE LONGITUD FIJA--INFORMACIÓN GENERAL
campo de control de longitud fija 091005s1900 dr r 000 p spa d
040 ## - FUENTE DE LA CATALOGACIÓN
Centro catalogador/agencia de origen DO-SdBNP
Lengua de catalogación spa
Centro/agencia transcriptor BNPHU
082 ## - NÚMERO DE LA CLASIFICACIÓN DECIMAL DEWEY
Número de clasificación RD861.44
Número de documento/Ítem G261pro
100 1# - ENTRADA PRINCIPAL--NOMBRE DE PERSONA
Nombre de persona Gatón Arce, Freddy,
Fechas asociadas al nombre 1920-1994
9 (RLIN) 7946
245 10 - MENCIÓN DE TÍTULO
Título A propósito de Freddy Gatón Arce /
Mención de responsabilidad, etc. Tomás Castro.
260 ## - PUBLICACIÓN, DISTRIBUCIÓN, ETC.
Lugar de publicación, distribución, etc. Santo Domingo :
Nombre del editor, distribuidor, etc. Comisión Permanente en la Feria del Libro,
Fecha de publicación, distribución, etc. [19--].
500 ## - NOTA GENERAL
Nota general Homenaje póstumo
500 ## - NOTA GENERAL
Nota general XXIII Feria nacional del libro José Martí, Máximo Gómez
590 ## - NOTA LOCAL (RLIN)
Nota local Inventariado, 2018/BT
600 10 - PUNTO DE ACCESO ADICIONAL DE MATERIA--NOMBRE DE PERSONA
Nombre de persona Gatón Arce, Freddy,
Fechas asociadas al nombre 1920-1994
9 (RLIN) 7946
650 #0 - PUNTO DE ACCESO ADICIONAL DE MATERIA--TÉRMINO DE MATERIA
Término de materia o nombre geográfico como elemento de entrada Poesía dominicana
9 (RLIN) 66
650 #0 - PUNTO DE ACCESO ADICIONAL DE MATERIA--TÉRMINO DE MATERIA
Término de materia o nombre geográfico como elemento de entrada Literatura dominicana.
9 (RLIN) 67
910 ## - DATOS DE OPCIÓN DEL USUARIO (OCLC)
Datos de opción del usuario Validado. Control de calidad. MFF
Holdings
Estado de retiro Estado de pérdida Restricciones de uso No para préstamo Código de colección Localización permanente Ubicación/localización actual Ubicación en estantería Fecha de adquisición Número de inventario Total de préstamos Signatura topográfica completa Código de barras Fecha visto por última vez Número de copia Precio válido a partir de Tipo de ítem Koha
        Dominicana de Servicio General General Depósito 05.10.2009 LF1   RD861.44 G261pro 10156-30 25.06.2020 e.3 25.06.2020 Libro y Folleto Colección Dominicana de Servicio
        Dominicana de Servicio General General Depósito 05.10.2009 LF1   RD861.44 G261pro 10156-40 25.06.2020 e.4 25.06.2020 Libro y Folleto Colección Dominicana de Servicio
        Dominicana de Servicio General General Depósito 07.04.2011 LF1   RD861.44 G261pro 10156-50 25.06.2020 e.5 25.06.2020 Libro y Folleto Colección Dominicana de Servicio
      Excluido de préstamo Patrimonio Dominicano Patrimonio Dominicano Patrimonio Dominicano Depósito 05.10.2009 LF1   RD861.44 G261pro 10156-10 25.06.2020   25.06.2020 Libro y Folleto Colección Patrimonio Dominicano
      Excluido de préstamo Patrimonio Dominicano Patrimonio Dominicano Patrimonio Dominicano Depósito 05.10.2009 LF1   RD861.44 G261pro 10156-20 25.06.2020 e.2 25.06.2020 Libro y Folleto Colección Patrimonio Dominicano

Powered by Koha